004450000a220010900045001000028000002450098000283000047001267730047001739420008002209520090002289990017003181 aAlbertz, Rainer (1943-)10aDarius in place of cyrus : The first edition of Feutero-Isaiah (Isaiah 40.1-52.12) in 521 BCE aVol. 27, Núm 3 (2003), Páginas 371-3830 tJournal for the Study of the Old Testament cANA 001040708HEMaFUSBCbFUSBCd2016-01-26l0o r2016-01-26 00:00:00w2016-01-26yANA c54980d54980